<?xml version="1.0" encoding="UTF-8"?>
<record
    xmlns:xsi="http://www.w3.org/2001/XMLSchema-instance"
    xsi:schemaLocation="http://www.loc.gov/MARC21/slim http://www.loc.gov/standards/marcxml/schema/MARC21slim.xsd"
    xmlns="http://www.loc.gov/MARC21/slim">

  <leader>00748nam a2200169Ia 4500</leader>
  <controlfield tag="008">180921t2017    xxu||||| |||| 00| 0 sin d</controlfield>
  <datafield tag="041" ind1=" " ind2=" ">
    <subfield code="a">sin</subfield>
  </datafield>
  <datafield tag="080" ind1=" " ind2=" ">
    <subfield code="a">294.3 &#xDA4;</subfield>
    <subfield code="b">&#xDA4;&#xDCF;&#xDAB;&#xDCF;&#xDB1;</subfield>
  </datafield>
  <datafield tag="100" ind1=" " ind2=" ">
    <subfield code="a">&#xDA4;&#xDCF;&#xDAB;&#xDCF;&#xDB1;&#xDB1;&#xDCA;&#xDAF; &#xDC4;&#xDD2;&#xDB8;&#xDD2;, &#xD9A;&#xDD2;&#xDBB;&#xDD2;&#xDB6;&#xDAD;&#xDCA;&#xD9C;&#xDDC;&#xDA9;</subfield>
  </datafield>
  <datafield tag="245" ind1=" " ind2=" ">
    <subfield code="a">&#xDB1;&#xDD4;&#xDC0;&#xDAB; &#xDBD;&#xDD0;&#xDB6;&#xDD3;&#xDB8;&#xDA7; &#xDB8;&#xDD4;&#xDBD;&#xDCA; &#xDC0;&#xDB1; &#xDAF;&#xDDA;&#xD83; &#xDA0;&#xDAD;&#xDD4;&#xDBB;&#xDCF;&#xDBB;&#xDCA;&#xDBA; &#xDC3;&#xDAD;&#xDCA;&#x200D;&#xDBA;&#xDCF;&#xDC0;&#xDB6;&#xDDD;&#xDB0;&#xDBA;&#xDA7; &#xDB0;&#xDBB;&#xDCA;&#xDB8; &#xDAF;&#xDDA;&#xDC1;&#xDB1;&#xDCF;</subfield>
  </datafield>
  <datafield tag="246" ind1=" " ind2=" ">
    <subfield code="a">Nuwana labimata mulwana de: chathurarya sathyawabodayata dharma deshana</subfield>
  </datafield>
  <datafield tag="260" ind1=" " ind2=" ">
    <subfield code="b">&#xDB8;&#xDC4;&#xDCF;&#xDB8;&#xDDA;&#xD9D; &#xDB4;&#xDCA;&#x200D;&#xDBB;&#xD9A;&#xDCF;&#xDC1;&#xD9A;&#xDBA;&#xDDD;</subfield>
    <subfield code="a">&#xDB4;&#xDDC;&#xDBD;&#xDCA;&#xD9C;&#xDC3;&#xDCA;&#xD95;&#xDC0;&#xDD2;&#xDA7;</subfield>
    <subfield code="c">2017</subfield>
  </datafield>
  <datafield tag="300" ind1=" " ind2=" ">
    <subfield code="b">&#xDB4;&#xDD2;.98, &#xDC3;&#xDD9;.&#xDB8;&#xDD2;.21</subfield>
  </datafield>
  <datafield tag="942" ind1=" " ind2=" ">
    <subfield code="c">BK</subfield>
  </datafield>
  <datafield tag="952" ind1=" " ind2=" ">
    <subfield code="0">0</subfield>
    <subfield code="1">0</subfield>
    <subfield code="4">0</subfield>
    <subfield code="7">0</subfield>
    <subfield code="8">MONO</subfield>
    <subfield code="a">MAIN</subfield>
    <subfield code="b">MAIN</subfield>
    <subfield code="d">2021-08-11</subfield>
    <subfield code="o">294.3 &#xDA4;&#xDCF;&#xDAB;&#xDCF;&#xDB1;</subfield>
    <subfield code="p">P42780</subfield>
    <subfield code="r">2023-06-01</subfield>
    <subfield code="w">2023-06-01</subfield>
    <subfield code="y">BK</subfield>
  </datafield>
  <datafield tag="999" ind1=" " ind2=" ">
    <subfield code="c">6652</subfield>
    <subfield code="d">6652</subfield>
  </datafield>
  <controlfield tag="003">LK-CoDNM</controlfield>
  <datafield tag="040" ind1=" " ind2=" ">
    <subfield code="a">LK-CoDNM</subfield>
    <subfield code="d">LK-CoDNM</subfield>
    <subfield code="e">LK-CoDNM</subfield>
  </datafield>
</record>
